| 000 | 00414nam a22001337a 4500 | ||
|---|---|---|---|
| 005 | 20250129130923.0 | ||
| 008 | 250129b |||||||| |||| 00| 0 eng d | ||
| 020 | _a978-978-996-504-5 | ||
| 100 |
_aDatiri, Dachollom C. _d2020 _f1996 _lEnglish |
||
| 245 | _aFinances In The Pauline Churches | ||
| 260 |
_aUnited Kingdom: _bBaraka Press, _eLynx _fLynx Communications _g1996 |
||
| 300 |
_axxvii,323ps. _c21cm |
||
| 942 |
_2ddc _k1997 |
||
| 999 |
_c15 _d15 |
||